01319nam a2200289 a 450000100060000000300080000600500170001400800410003103500290007204000420010104100080014308200210015110000530017224500630022526000640028830000270035250000810037950000510046050500760051165000290058765000460061671000540066294200120071699900170072895201420074595201420088749585BD-RjUL20211209054710.0160821s1955 enka 001 0 eng  a51-08868a(BD-RjUL)49704 aDLCcMSCdSERdm.cdEQOdBD-RjULbeng aeng a338.91bMET 19551 aMeade, J. E.q(James Edward),d1907-1995913191814aThe theory of international economic policy /cJ.E. Meade. aLondon :bOxford University Press,c1955.c[Reprinted 1961] a2 v. :bill. ;c23 cm. a"Issued under the auspices of the Royal Institute of International Affairs." aIncludes bibliographical references and index.0 av. 2. Trade and welfare -- Trade and welfare : mathematical supplement. 0aEconomic policy.9148702 0aInternational economic relations.91487032 aRoyal Institute of International Affairs.9148704 2ddccBK c49585d49585 00102ddc40708NFICaRUCLbRUCLcStackd1962-12-10eZeitlingerg25.00l0o338.91 MET V-2 1955r2016-08-21 00:00:00tC-2w2016-08-21yBK 00102ddc40708NFICaRUCLbRUCLcStackd1963-03-26eZeitlingerg25.00l0o338.91 MET V-2 1955r2016-08-21 00:00:00tC-3w2016-08-21yBK